000 00717nam a2200289Ia 4500
005 20260324140708.0
008 008 260324s9999 xx 000 0 eng d
020 _a9781315068022
037 _aEBOOK
040 _aCRL
040 _beng
040 _cCRL
041 _2eng
041 _aeng
084 _qCRL
100 _aHugh Waller; Sheila Wolfendale; Jenny Waller
_91205380
245 0 _aLinking Home and School
245 0 _bPartnership in Practice in Primary Education
260 _bTaylor and Francis
260 _c1998
365 _a
365 _b300
856 _uhttp://www.taylorfrancis.com/books/9781315068022
942 _cEBOOK
999 _c1807709
_d1807709